000 00875aam a2200241 4500
999 _c41087
_d41087
001 12058
003 CO-MdFUSB
005 20171109101606.0
008 170403t19631965xxu||||| |||| 00| 0 eng d
040 _aCO-MdFUSB
_bspa
_cCO-MdFUSB
_dCO-MdFUSBC
_erda
041 0 _aeng
082 0 4 _aG 225.52 K531n
110 1 _aIversen Associates
245 1 4 _aThe New Testament in four versions
_b: Kigs James, Revised Standard, Phillips Modern English, New English Bible : Kigs James, Revised Standard, Phillips Modern English, New English Bible / Christianity Today
_c / Christianity Today
250 _a10
264 4 _aWashington, D.C., USA:
_bChristianity Today,
_c© 1963,1965
300 _aXXX, 831 Pag
336 _2rdacontent
_atexto
_btxt
337 _2rdamedia
_asin mediación
_bn
338 _2rdacarrier
_avolumen
_bnc
630 0 7 _aBiblia.
_pNuevo Testamento
942 _cBK